Histoire de Thucydide
Wedi'i Gadw mewn:
| Fformat: | Llyfr |
|---|---|
| Iaith: | Ffrangeg |
| Cyhoeddwyd: |
París, Francia
Ganier Frères
1880
|
| Rhifyn: | Deuxième édition |
| Pynciau: | |
| Tagiau: |
Ychwanegu Tag
Dim Tagiau, Byddwch y cyntaf i dagio'r cofnod hwn!
|
MARC
| LEADER | 00000nam a2200000 a 4500 | ||
|---|---|---|---|
| 001 | UCJ5726 | ||
| 003 | CL-VaPUC | ||
| 005 | 20210520001756.0 | ||
| 008 | 070124e18800000FR |||||||||||||||||fre|d | ||
| 999 | |c 321835 |d 321833 | ||
| 040 | |c Pontificia Universidad Católica de Valparaíso | ||
| 082 | 0 | 4 | |a 938 TUC 1880 |2 21 |
| 245 | 1 | 0 | |a Histoire de Thucydide |
| 250 | |a Deuxième édition | ||
| 250 | |a Segunda edición | ||
| 260 | |a París, Francia |b Ganier Frères |c 1880 | ||
| 300 | |a xvi, 536 páginas | ||
| 500 | |a Traduction de C. Lêvesque, revue, corrigée et annotée par A. Loiseau | ||
| 583 | |a last modification |c 20070124 00:00:00 |k Rodrigo Vera | ||
| 600 | 0 | 7 | |a TUCIDIDES |2 CL-VaPUC |9 511358 |
| 650 | 0 | |a Historia de Grecia |9 267917 | |
| 650 | 0 | |a Historiografía |9 257871 | |
| 650 | 7 | |a HISTORIADORES GRIEGOS |2 CL-VaPUC |9 511359 | |
| 650 | 7 | |a BIOGRAFIAS |2 CL-VaPUC |9 504622 | |
| 650 | 7 | |a GUERRA DEL PELOPONESO |2 CL-VaPUC |9 511360 | |
| 650 | 7 | |a LITERATURA GRIEGA |2 CL-VaPUC |9 258054 | |
| 942 | |c BK |2 ddc | ||
| 945 | |d 20070124 00:00:00 |a rinostro | ||
| 952 | |0 0 |1 0 |4 0 |6 938_000000000000000_TUC_1880 |7 0 |8 X |9 400698 |a FDOBUD |b FDOBUD |d 2019-11-22 |i 1038745 |o 938 TUC 1880 |p 1038745 |r 2019-11-22 |w 2019-11-22 |y BK_X |k BUD | ||